Open Data Biblioteca Nacional de Portugal


República Portuguesa: Ministério da Cultura
Biblioteca Nacional de Portugal

Catálogo da BNP: acesso por Identificadores Unívocos
Registos Bibliográficos associados ao registo de autoridade

Etiqueta de registo: 00254nam 2200025 450
001 2284168
003 http://id.bnportugal.gov.pt/bib/catbnp/2284168
100 ## $a20260413d2025 k y0pory01030103ba
101 0# $apor$deng
102 ## $aPT
105 ## $ay m 001yy
106 ## $ar
200 1# $a O impacto da experiência de polivitimação no funcionamento psicológico de adolescentes em acolhimento residencial$fAlexandra Isabel Morgadinho Lino$gorient. Luiza Isabel Gomes Freire Nobre Lima, Isabel Maria Marques Alberto
210 #9 $aCoimbra$c[s.n.],$d2025
215 ## $aXVI, 261, 2 p.$d30 cm
328 #1 $aTese dout. Psicologia (Psicologia da Educação e do Desenvolvimento), Faculdade de Psicologia e de Ciências da Educação da Universidade de Coimbra, 2025
700 #1 $aLino,$bAlexandra Isabel Morgadinho$31995436
702 #1 $aLima,$bLuísa Isabel Gomes Freire Nobre$4727$31455450
702 #1 $aAlberto,$bIsabel Maria Marques$4727$31225716
801 #0 $aPT$bBN$gRPC
966 ## $lBN$mFGMON$x1
971 ## $cisantos$d20260413

OpendataBNP@bnportugal.pt | Mais informação sobre acesso aos dados BNP